| 000 | 00647nam a2200181 a 4500 | ||
|---|---|---|---|
| 008 | 190510s2017 ||||||||||||||||| || u | ||
| 020 | _a9781292086859 | ||
| 050 | _aKD 170 Dud | ||
| 100 | _aDuddington, John | ||
| 245 | 1 | 0 |
_aLand law. (6th ed.) _cby John Duddington |
| 250 | _a6th edition | ||
| 260 |
_aHarlow _bPearson _c2017 |
||
| 300 | _axiv, 220 pages, :illustrations | ||
| 350 | _a7.52 | ||
| 650 | _aLAND REFORM--LAW AND LEGISLATION | ||
| 650 | _aPROPERTY LAW--GREAT BRITAIN | ||
| 995 |
_FCBU-MAIN LIBRARY (Kitwe) _I7.52 _M1 _UAVAILABLE _WMay 16, 2019 _ZMain Library Open Access Collection |
||
| 999 |
_c48785 _d48785 |
||